Pamban In Rameswaram Island / (Record no. 42770)

MARC details
000 -LEADER
fixed length control field 00753nam a22002057a 4500
005 - DATE AND TIME OF LATEST TRANSACTION
control field 20100820154753.0
010 ## - LCCN (DPL NO)
LC control number ENG-101144
020 ## - INTERNATIONAL STANDARD BOOK NUMBER
International Standard Book Number 9789380020389
Terms of availability 70.00
035 ## - SYSTEM CONTROL NUMBER
System control number EN-84677
037 ## - SOURCE OF ACQUISITION
Source of stock number/acquisition DBAD/PUB
082 ## - DEWEY DECIMAL CLASSIFICATION NUMBER
Classification number 230.91
100 ## - MAIN ENTRY--PERSONAL NAME
Personal name Loachese, S Vetha
245 ## - TITLE STATEMENT
Title Pamban In Rameswaram Island /
Statement of responsibility, etc by S Vetha Loachese
260 ## - PUBLICATION, DISTRIBUTION, ETC. (IMPRINT)
Place of publication, distribution, etc Chennai
Name of publisher, distributor, etc Aruna Publications
Date of publication, distribution, etc 2009
270 ## - ADDRESS
Address 12 1st Street North Jagannatha Nagar Villivakkam
City Chennai
Postal code 600049
300 ## - PHYSICAL DESCRIPTION
Extent 114p
Dimensions 20cm(pbk)
500 ## - GENERAL NOTE
General note includes bibliographical references
942 ## - ADDED ENTRY ELEMENTS (KOHA)
Source of classification or shelving scheme Dewey Decimal Classification
Item type English Books
Classification part 230.91
Call number suffix LOA
Holdings
Withdrawn status Lost status Not for loan Collection code Home library Current library Date acquired Source of acquisition Cost, normal purchase price Full call number Barcode Copy number Cost, replacement price Koha item type
    Not For Loan Non-fiction D.B.Act.Division D.B.Act.Division 20/08/2010 DBAD/PUB 70.00 230.91 LOA EN-84677 1 70.00 English Books

© Delhi Public Library
Hit Counter
free hit counter